00417nam a2200181Ia 4500003000400000005001700004008004100021020001400062040000700076041000800083082002000091100001800111245001800129260004200147300001600189365001300205650001700218OSt20230517153450.0210423s2012 xx 000 0 und d a198075510 cAL aeng a574.87 DEVT223 aDEVASENA (T). aCell biology. aOxfordbOxford University Pressc2012 axvi,659bPB b395cINR aCell Biology